选出以下景区中的5A景区 地雷模式 Choose the 5A Scenics below - Statistics

General Stats
  • This quiz has been taken 156 times
  • The average score is 5 of 52
Answers on the Grid
Answers color-coded by a green-red scale on the quiz's grid according to % correct below.
北京明十三陵
北京地坛公园
北京大学未名湖
北京怀柔雁栖湖
天津意大利风情区
天津海河观光区
天津天塔
河北石家庄滹沱河生态区
河北秦皇岛山海关
河北唐山南湖
山西太原晋祠
山西晋中介休绵山
山西忻州古城
山西临汾洪洞大槐树祭祖园
内蒙古满洲里国门(中俄边境)景区
内蒙古鄂尔多斯野生动物园
内蒙古阿拉善胡杨林
辽宁沈阳植物园
辽宁大连老虎滩
辽宁铁岭象牙山
吉林长春长影世纪城
吉林吉林市北大湖滑雪度假区
吉林吉林市松花湖名胜区
黑龙江哈尔滨太阳岛
黑龙江牡丹江雪乡
黑龙江漠河北极村
黑龙江黑河五大连池
上海东方明珠
上海临港滴水湖
上海野生动物园
上海淀山湖风景区
江苏南京总统府
江苏南京玄武湖名胜区
江苏高邮高邮湖湿地风景区
江苏无锡鼋头渚
浙江杭州萧山湘湖
浙江金华东阳横店影视城
浙江宁波天一阁
安徽芜湖方特乐园
安徽六安天堂寨旅游区
安徽宣城敬亭山
安徽滁州狼牙山
江西南昌南昌之星中国最高摩天轮
江西景德镇陶阳里历史文化旅游区
江西赣州江南宋城历史文化旅游区
福建永定土楼
福建福州三坊七巷
福建厦门园林植物园
山东济南黄河银杏林
山东青岛崂山
山东威海刘公岛
河南郑州如意湖商务中心
河南郑州黄河国家地质公园
河南洛阳白云山
河南信阳鸡公山
湖北神农架旅游区
湖北宜昌三峡风景区
湖北荆门明显陵旅游区
湖南长沙岳麓山
湖南邵阳白水洞
湖南衡阳石鼓书院
广东广州白云山
广东深圳华侨城
广东汕头南澳岛
广西南宁百益上河城
广西百色起义纪念园
广西北海涠洲岛
海南陵水分界洲岛
海南万宁兴隆热带植物园
海南三亚天涯海角旅游区
重庆洪崖洞民俗风貌区
重庆奉节白帝城
四川成都安仁古镇
四川成都大熊猫繁育中心
四川阿坝四姑娘山
贵州遵义会议纪念馆
贵州遵义赤水丹霞
云南昆明石林
云南临沧翁丁原始部落风貌区
云南大理双廊古镇·洱海观光区
陕西西安大雁塔
陕西延安革命纪念地
陕西宝鸡法门寺
甘肃兰州小西湖-黄河观光带
甘肃天水麦积山
甘肃敦煌月牙泉
宁夏银川镇北堡影视城
青海西宁塔尔寺
西藏日喀则珠穆朗玛峰登山营
新疆乌鲁木齐国际大巴扎
新疆昌吉天山天池
新疆克拉玛依世界魔鬼城
 
Answer Stats
Answer % Correct
北京明十三陵
81%
河北秦皇岛山海关
36%
上海东方明珠
24%
上海野生动物园
19%
江苏无锡鼋头渚
15%
湖北神农架旅游区
15%
山西临汾洪洞大槐树祭祖园
14%
内蒙古满洲里国门(中俄边境)景区
13%
辽宁大连老虎滩
13%
山东青岛崂山
13%
黑龙江哈尔滨太阳岛
11%
湖北宜昌三峡风景区
11%
湖南长沙岳麓山
11%
云南昆明石林
11%
黑龙江黑河五大连池
10%
广东广州白云山
10%
陕西西安大雁塔
10%
甘肃敦煌月牙泉
10%
新疆昌吉天山天池
10%
浙江金华东阳横店影视城
8%
浙江宁波天一阁
8%
福建永定土楼
8%
福建福州三坊七巷
8%
广东深圳华侨城
8%
青海西宁塔尔寺
8%
山西晋中介休绵山
7%
内蒙古阿拉善胡杨林
7%
山东威海刘公岛
7%
重庆奉节白帝城
7%
陕西延安革命纪念地
7%
河北唐山南湖
6%
黑龙江漠河北极村
6%
海南三亚天涯海角旅游区
6%
四川阿坝四姑娘山
6%
甘肃天水麦积山
6%
新疆克拉玛依世界魔鬼城
6%
辽宁沈阳植物园
4%
吉林长春长影世纪城
4%
福建厦门园林植物园
4%
陕西宝鸡法门寺
4%
宁夏银川镇北堡影视城
4%
安徽芜湖方特乐园
3%
安徽滁州狼牙山
3%
河南信阳鸡公山
3%
湖北荆门明显陵旅游区
3%
广西北海涠洲岛
3%
海南陵水分界洲岛
3%
贵州遵义赤水丹霞
3%
安徽六安天堂寨旅游区
1%
广西百色起义纪念园
1%
河南洛阳白云山
0%
四川成都安仁古镇
0%
No matching quizzes found
Score Distribution
Percent of People with Each Score
Percentile by Number Answered
Your Score History
You have not taken this quiz